The Kababish Arabs : power, authority and consent in a nomadic tribe
Αποθηκεύτηκε σε:
| Κύριος συγγραφέας: | |
|---|---|
| Μορφή: | Βιβλίο |
| Γλώσσα: | English |
| Δημοσίευση: |
London :
C. Hurst,
1970
|
| Θέματα: | |
| Ετικέτες: |
Προσθήκη ετικέτας
Δεν υπάρχουν, Καταχωρήστε ετικέτα πρώτοι!
|
MARC
| LEADER | 00000nam a2200000 i 4500 | ||
|---|---|---|---|
| 001 | 1/66346 | ||
| 008 | 931019s1970 eng d | ||
| 020 | |a 0-900966-21-1 | ||
| 035 | |a ΛΕΣΒΟΣb10001711 |l 10001711 | ||
| 040 | |a GR-MY-UA |b gre |e aacr | ||
| 041 | 0 | |a eng | |
| 082 | 0 | |a 305.896 | |
| 100 | 1 | |a Asad, Talal. | |
| 245 | 1 | 4 | |a The Kababish Arabs : |b power, authority and consent in a nomadic tribe / |c Talal Asad |
| 260 | |a London : |b C. Hurst, |c 1970 | ||
| 300 | |a 263 p. | ||
| 500 | |a Includes bibliography and index | ||
| 650 | 0 | 0 | |a Ethnology |z Sudan. |
| 650 | 0 | 0 | |a Kababish. |
| 650 | 0 | 0 | |a Political science |z Sudan. |
| 852 | |a INST |b LESVOS |e 19931019 |h 305.896 ASA |p 005100010045 |q 005100010045 |t BK |y 0 | ||
| 909 | |a Λ |b 016984 | ||